ARRUPE JESUIT UNIVERSITY

CORONAVIRUS -STOP THE SPREAD - CLEAN,DISINFECT,COVER

Commentary on the New Testament (Record no. 119177)

MARC details
000 -LEADER
fixed length control field 00485nam a22001337a 4500
008 - FIXED-LENGTH DATA ELEMENTS--GENERAL INFORMATION
fixed length control field 131210b xxu||||| |||| 00| 0 eng d
050 ## - LIBRARY OF CONGRESS CALL NUMBER
Classification number REF BS2341.52.G86 2010
100 ## - MAIN ENTRY--PERSONAL NAME
Personal name Gundry, Robert H.
9 (RLIN) 5438
245 ## - TITLE STATEMENT
Title Commentary on the New Testament
Remainder of title Verse-by-Verse Explanations with a Literal Translation
Statement of responsibility, etc Robert H. Gundry
260 ## - PUBLICATION, DISTRIBUTION, ETC. (IMPRINT)
Place of publication, distribution, etc Massachusetts
Name of publisher, distributor, etc Hendrickson Publishers
Date of publication, distribution, etc 2010
300 ## - PHYSICAL DESCRIPTION
Extent x, 1072p. ;
Dimensions 27cm.
650 ## - SUBJECT ADDED ENTRY--TOPICAL TERM
Topical term or geographic name as entry element Bible N.T.
General subdivision Commentaries
9 (RLIN) 5439
942 ## - ADDED ENTRY ELEMENTS (KOHA)
Source of classification or shelving scheme Library of Congress Classification
Item type REFERENCE
Holdings
Withdrawn status Lost status Source of classification or shelving scheme Damaged status Not for loan Home library Current library Date acquired Total Checkouts Full call number Barcode Date last seen Price effective from Koha item type
    Library of Congress Classification     ARRUPE LIBRARY ARRUPE LIBRARY 10/12/2013   REF BS2341.52.G86 2010 46411839 10/12/2013 10/12/2013 REFERENCE

 

Arrupe Library. PO Box MP320 Mt Pleasant, Harare, Zimbabwe
263 242 745411|librarian@aju.ac.zw